00476 2200193 4500001002100000008004100021020002200062035002000084082000800104084001400112100001200126245004500138260002400183300002000207650001000227990001500237990001500252990001500267INLIS000000000003198 ind  a978-602-05-3080-2 a0010-1225000019 a813 a813 LIY k aKhairen aKami (Bukan) Jongos BerdasicJ.S.Khairen aJakarta :bGrasindo a378c13,5x20 cm aFiksi a19629/B/26 a19630/B/26 a19631/B/26